[Event "American Continental-ch 2018"]
[Site "Montevideo"]
[Date "2018.06.05"]
[Round "6"]
[White "Bick, Gabriel"]
[Black "Hoffman, Alejandro"]
[Result "0-1"]
[WhiteElo "2391"]
[BlackElo "2475"]
[Annotator "TA"]
[PlyCount "148"]
[EventDate "2018.??.??"]
[EventType "swiss"]
[EventCountry "URU"]
[SourceTitle "playchess.com"]
[Source "ChessBase"]
[SourceQuality "1"]

{[%evp 11,148,33,23,22,20,17,41,45,37,10,14,9,9,15,25,0,8,5,2,0,-4,-3,-4,-11,20,-15,-9,-8,32,-9,0,0,9,0,0,0,25,-28,-15,-20,-10,-16,0,-13,-4,-10,-15,-46,-35,-51,-41,-47,-43,-79,-31,-182,-200,-206,-101,-98,-100,-89,-83,-67,-70,-98,-80,-102,-102,-156,-156,-155,-148,-203,-150,-262,-262,-262,-262,-262,-262,-262,-262,-262,-262,-303,-313,-842,-580,-580,-571,-816,-404,-404,-404,-404,-404,-404,-404,-411,-404,-29959,-11013,-1135,-29966,-29968,-404,-404,0,-29967,-29966,-29959,-5065,-29969,-29970,-29969,-29960,-29960,-29958,-29962,-29954,-29944,0,-6024,-5065,-5065,-1488,-1481,-411,-735,-645,-1518,-1497,-5065,-2079,-1590,-894,-829,-576]} 1. e4 e5 2. Nf3 d6 3. d4 exd4 4. Nxd4 Nf6 5. Nc3 Be7 6. Be2 O-O 7. Bf4 {C41: Philidor Defence} Re8 8. Qd2 Bf8 9. f3 {White is slightly better.} c6 (9... Nc6 10. O-O-O Nxd4 11. Qxd4 Be6 12. Kb1 Nd7 13. g4 a6 14. h4 b5 {0-1 (44) Grischuk,A (2750)-Rapport,R (2698) chess.com INT 2017}) 10. O-O Nbd7 11. Rad1 Ne5 12. Kh1 Ng6 13. Be3 d5 14. exd5 $146 ({Predecessor:} 14. Nb3) 14... Nxd5 15. Nxd5 Qxd5 16. c4 Qe5 17. Bf2 Qf6 18. Rfe1 Rd8 {White must now prevent ...c5.} 19. Qc3 Bd6 20. Bg3 Bxg3 21. hxg3 Bd7 22. c5 h5 23. Bc4 h4 24. gxh4 ({White should try} 24. g4) 24... Qxh4+ $11 25. Kg1 Qg5 26. Kf2 Qh4+ 27. Kg1 Re8 28. Ne2 Be6 29. Bxe6 Rxe6 30. Nd4 Rxe1+ 31. Rxe1 {Threatening Nf5.} Qg5 32. Re4 Rd8 $40 {[%mdl 128] Strongly threatening ...Nf4. Black attacks.} 33. b4 $2 (33. Rg4 $15 Qf6 34. Ne2) 33... Nf4 $19 {[%csl Gf4][%cal Rg5g2]} 34. Qc2 f5 (34... g6 $19 35. g4 f5 36. Qb3+ Nd5) 35. Nxf5 $17 {Threatens to win with Qc4+.} Rd2 $1 ({Reject} 35... Rd1+ $6 36. Kh2 $11) 36. Qxd2 Nh3+ $1 37. Kh2 {White wants to mate with Ne7+.} Qxd2 38. Kxh3 Qxa2 $15 {[%mdl 4096] Endgame KQ-KRN} 39. Rg4 {[#]} Qb1 $1 {[%cal Rb1f5]} 40. Nxg7 ({White should play} 40. Re4) 40... Kf7 $17 41. Kh2 {[#]} a5 $1 {[%mdl 512]} 42. bxa5 Qc1 43. f4 (43. Nh5 $17 {keeps fighting.}) 43... Qxc5 $19 44. Rg5 {[#]} Qf2 $1 {[%cal Rf2f4]} 45. Nh5 c5 46. Ng3 c4 47. Rb5 Ke8 48. Rxb7 {aiming for a6.} Qxf4 49. a6 $2 (49. Rh7 Qf6 50. Rh3) 49... Qh6+ 50. Kg1 Qxa6 51. Rb1 c3 (51... Qe6 $142 52. Ra1 Qe3+ 53. Kh2 c3) 52. Re1+ Kf7 {...Qb6+ is the strong threat.} 53. Ne2 c2 54. Nc1 Qd6 55. Kf1 Qd2 56. Na2 (56. Ne2 $19) 56... Kf6 57. Nc1 Kf5 58. Ne2 Qd1 (58... Ke4 $142 59. Nc1+ Kd5 60. Ne2 Kc4 61. Nc1 Qh6 62. g3 Kc3 63. Kf2 Qd2+ 64. Ne2+ Kd3 65. Kf1 Qd1 66. Kf2 Qd2 67. Kf1 Ke3 68. g4 Qd3 69. Kg2 Qe4+ 70. Kh3 Kf2 71. Rf1+ Kxe2 72. Ra1 Qf3+ 73. Kh4 Qf6+ 74. Kh5 Qxa1 75. g5 c1=Q 76. Kh6 Qf6+ 77. Kh7 Qc2+ 78. Kg8 Qcg6#) 59. Kf2 Qd2 (59... Ke5 $19 60. Rf1 Qd2) 60. Kf1 $1 Ke4 61. Nc1+ Kd5 62. Na2 Kc4 63. Nc1 Qd1 64. Kf2 Qd4+ 65. Kf1 Qf4+ 66. Kg1 Qd2 (66... Qg5 $142 67. Rf1 Qe3+ 68. Kh2 Kd4 69. Kh1 Qe4 70. Kg1 Qe5 71. Kh1 Qh5+ 72. Kg1 Qe5 73. Rf3 Kc4 74. Rf1 Qd6 75. Kf2 Kc3 76. g3 Qd4+ 77. Ke2 Qd2+ 78. Kf3 Qd5+ 79. Ke3 Qd4+ 80. Kf3 Qd5+ 81. Ke3 Qe6+ 82. Kf3 Qc4 83. Kg2 Kd2 84. Rg1 Qe4+ 85. Kh3 Qf3 86. Kh4 Qd1 87. Rg2+ Kxc1 88. Rf2 Kb1 89. Rxc2 Kxc2 90. Kg5 Qd5+ 91. Kf6 Qd6+ 92. Kf7 Qxg3 93. Ke7 Qc7+ 94. Ke6 Qb6+ 95. Ke7 Qc7+ 96. Ke6 Kd3 97. Kf5 Qd6 98. Kg4 Ke4 99. Kg5 Qe7+ 100. Kg4 Qg7+ 101. Kh5 Kf4 102. Kh4 Qh8#) 67. Kf1 Kb4 68. Ne2 Kb3 (68... Qd3 $142 69. Kf2 Qf5+ 70. Kg1 Kc4) 69. Kf2 Kb2 (69... Qd1 $142 70. Nc1+ Kc4 71. Re4+ Kd5) 70. Rf1 (70. Rh1 $142) 70... Qd1 {Black is clearly winning.} 71. Re1 Kb3 72. Kf1 Qd3 (72... Qd5 $142 73. Kf2 Qf5+ 74. Kg1 Qc5+ 75. Kf1 Kc4) 73. Kf2 Kc4 74. Rf1 Qf5+ {Precision: White = 45%, Black = 55%.} 0-1

[Event "American Continental-ch 2018"]
[Site "Montevideo"]
[Date "2018.06.05"]
[Round "6"]
[White "Soto Vega, Jorge"]
[Black "Henriquez Villagra, Cristobal"]
[Result "1/2-1/2"]
[WhiteElo "2357"]
[BlackElo "2518"]
[Annotator "TA"]
[PlyCount "69"]
[EventDate "2018.??.??"]
[EventType "swiss"]
[EventCountry "URU"]
[SourceTitle "playchess.com"]
[Source "ChessBase"]
[SourceQuality "1"]

{[%evp 11,69,27,20,12,10,18,52,34,22,30,31,-116,31,33,39,39,45,25,40,43,77,85,100,79,105,60,57,34,33,18,21,6,30,27,23,15,42,40,241,50,118,80,79,79,81,0,0,-23,0,0,7,0,33,21,57,62,64,39,67,7]} 1. e4 c5 2. Nf3 d6 3. Bb5+ Nd7 4. d4 cxd4 5. Qxd4 Ngf6 6. Bg5 a6 7. Bxd7+ {B51: Sicilian: Moscow Variation (3 Bb5+) without 3...Bd7} Nxd7 8. Nc3 Qb6 9. Nd5 $146 ({Predecessor:} 9. Qd2 e6 10. O-O-O Qa5 11. Qe1 Nb6 12. b3 h6 13. Bd2 Qc5 14. Be3 Qc7 {1-0 (39) Ashley,M (2445)-Kempinski,R (2530) Bad Wiessee 1997}) 9... Qxd4 10. Nxd4 Rb8 11. Nc7+ Kd8 12. Nd5 $36 {[%mdl 2048] White is more active.} Nc5 13. f3 Bd7 14. O-O-O h6 15. Bh4 g5 16. Bg3 e6 17. Ne3 Rc8 18. Rd2 b5 19. Kb1 h5 20. h3 Nb7 21. b3 Bg7 22. Rhd1 Rc3 23. Bf2 Rc7 24. c4 Ke7 $2 {[#]} (24... Be5 $14) 25. cxb5 $2 (25. Ndf5+ $1 $18 {[%mdl 512]} Kf8 (25... exf5 26. Nd5+) 26. Nxd6) 25... Bxd4 ({Black should play} 25... Bxb5 $14 26. Nxb5 axb5) 26. Rxd4 axb5 27. h4 g4 28. f4 (28. fxg4 $16 hxg4 29. Bg3) 28... Bc6 $11 29. Nf1 f5 30. exf5 exf5 31. Ne3 {Hoping for Nd5+.} Ke6 32. Nd5 Rf7 33. R4d2 {White is slightly better.} g3 34. Bd4 Rh6 35. Re1+ {Precision: White = 39%, Black = 52%.} (35. Ne3 $14) 1/2-1/2

[Event "American Continental-ch 2018"]
[Site "Montevideo"]
[Date "2018.06.05"]
[Round "6"]
[White "Grabinsky, Aaron"]
[Black "Liang, Awonder"]
[Result "1/2-1/2"]
[WhiteElo "2296"]
[BlackElo "2571"]
[Annotator "TA"]
[PlyCount "166"]
[EventDate "2018.??.??"]
[EventType "swiss"]
[EventCountry "URU"]
[SourceTitle "playchess.com"]
[Source "ChessBase"]
[SourceQuality "1"]

{[%evp 18,166,23,8,72,72,72,72,72,72,72,72,70,70,70,69,76,72,82,78,79,81,81,91,91,91,125,125,118,125,125,111,116,119,134,133,129,103,101,57,55,50,50,50,51,52,52,58,59,62,99,100,119,126,132,127,127,110,123,118,111,0,0,0,25,0,0,0,93,74,141,153,189,200,205,205,371,36,36,36,36,36,36,36,36,36,36,36,36,8,8,8,8,8,8,8,1043,1043,1015,897,821,8,8,8,8,8,25,8,8,8,8,8,8,8,8,8,8,8,8,8,8,8,8,8,8,8,8,8,8,7,8,8,8,0,8,8,8,8,8,8,8,8,8,8,8,8,8,8,8,8,8]} 1. e4 c5 2. Nf3 d6 3. d4 cxd4 4. Nxd4 Nf6 5. f3 e5 6. Nb3 Be7 7. c4 O-O 8. Nc3 {B55: Sicilian: 2...d6 3 d4 cxd4 4 Nxd4 Nf6 5 f3} a5 9. Be3 a4 10. Nc1 {LiveBook: 12 Games. White has an edge.} a3 (10... Qa5 $11) 11. b3 $16 Nc6 12. Bd3 Qa5 13. Qd2 Bd8 14. O-O Bb6 15. Bxb6 Qxb6+ 16. Kh1 Nb4 17. N1e2 Bd7 18. Rac1 Bc6 19. Bb1 Rfd8 20. Ng3 Bd7 21. Nb5 Qc5 22. Qxd6 ({Worse is} 22. Nxd6 Bc8 $15) 22... Qxd6 23. Nxd6 b6 24. Rfd1 g6 25. Ne2 {[%cal Bg3e2,Be2c3,Bc3b5][%mdl 32]} Bc6 26. Nc3 Nh5 27. g3 Ng7 28. Kg1 Ne6 29. Ndb5 Bxb5 30. Nxb5 Rxd1+ 31. Rxd1 Nd4 $1 32. Nxd4 Rd8 $1 33. f4 exd4 $14 {[%mdl 4096] Endgame KRB-KRN} 34. e5 f6 35. exf6 {aiming for g4.} Kf7 36. Kf2 Kxf6 37. Rd2 h6 38. Re2 g5 39. fxg5+ (39. Ke1 $16) 39... hxg5 $11 40. Kf3 Rd7 41. h3 Rd8 42. Re1 Rd7 (42... d3 $11 {remains equal.}) 43. h4 $1 $16 gxh4 (43... d3 $142) 44. gxh4 Rd8 45. h5 d3 {[#]} 46. Ke3 $1 Rg8 $2 (46... Nc2+ 47. Bxc2 dxc2) 47. Kd2 $2 ({Better is} 47. Rf1+ $18 Ke7 48. Rh1) 47... Rg2+ $14 48. Kc3 Nxa2+ 49. Bxa2 Rxa2 {KR-KR} 50. Rh1 Rg2 51. Kxd3 {Hoping for h6.} a2 $1 52. Kc3 Rh2 53. Re1 Rxh5 54. Kb2 Rh2+ 55. Ka3 {[#]} Re2 $1 {[%mdl 512]} 56. Ra1 (56. Rxe2 a1=Q+) 56... Ke6 $2 {[%mdl 8192]} (56... Ke5 $11) 57. Rxa2 $18 Re5 {[#]} 58. Rd2 $1 b5 59. cxb5 $2 (59. Rd3 $18 {And now Kb4 would win.} bxc4 60. bxc4) 59... Rxb5 $11 60. Ka4 Rb8 61. Rd3 Ke5 62. b4 {Strongly threatening b5.} Ra8+ $1 {The position is equal.} 63. Kb3 Rb8 64. Rd1 Ke6 $1 65. Rd4 {next Kc4 is good for White.} Ke5 66. Kc3 Rc8+ 67. Rc4 Rb8 68. Rc5+ Kd6 69. Kc4 {Threatening b5.} Ra8 70. Kb5 Rb8+ $1 71. Ka4 Ra8+ 72. Kb3 Rb8 73. Kc3 Ra8 74. Kc4 Rg8 75. Kb3 Rb8 76. Rc1 Kd5 77. Rc4 Kd6 78. Ka4 {Black must now prevent b5.} Kd5 79. Rc5+ (79. Rh4 {keeps more tension.} Kc6 80. Rh5 Kb6 81. Rh6+ Kb7 82. Kb5) 79... Kd6 80. Rb5 Kc7 81. Rf5 Rh8 82. Ka5 Kb8 83. b5 Rh6 {Precision: White = 70%, Black = 68%.} 1/2-1/2

[Event "American Continental-ch 2018"]
[Site "Montevideo"]
[Date "2018.06.05"]
[Round "6"]
[White "Colas, Joshua"]
[Black "Morovic Fernandez, Ivan"]
[Result "1/2-1/2"]
[WhiteElo "2285"]
[BlackElo "2513"]
[Annotator "TA"]
[PlyCount "132"]
[EventDate "2018.??.??"]
[EventType "swiss"]
[EventCountry "URU"]
[SourceTitle "playchess.com"]
[Source "ChessBase"]
[SourceQuality "1"]

{[%evp 28,132,42,-27,0,-27,34,-10,-8,-14,0,0,-13,-12,-3,-5,13,14,14,0,0,0,0,0,0,2,0,0,14,8,9,0,20,13,25,14,25,0,0,0,4,0,5,0,16,13,13,6,6,0,0,0,0,0,0,0,0,0,26,-25,-31,-25,-18,-18,-23,-23,-23,-21,-21,-13,0,0,0,0,-10,-12,0,0,0,0,0,0,0,0,0,0,0,0,3,0,0,0,0,0,1,0,0,0,0,0,0,0,0,0,0,0,0]} 1. d4 Nf6 2. c4 e6 3. Nf3 d5 4. g3 Bb4+ 5. Bd2 Be7 6. Bg2 O-O 7. O-O c6 8. Qc2 Nbd7 9. Rd1 b6 10. Bf4 Bb7 11. Ne5 Nh5 12. Bc1 Nhf6 13. Bf4 Rc8 14. Nc3 b5 {E08: Closed Catalan: Main Line: 7 Qc2} (14... Nh5 15. Bd2 f5 16. Qa4 Nxe5 17. dxe5 a6 18. cxd5 cxd5 19. e3 b5 20. Qb3 g6 21. Ne2 Bc6 22. Nd4 {1-0 (42) Inarkiev,E (2709)-Riazantsev,A (2671) Doha 2016}) 15. b3 {LiveBook: 3 Games} ({White should play} 15. Nxd7 $14 Nxd7 16. c5) 15... bxc4 $146 ({Predecessor:} 15... Nxe5 16. dxe5 Nd7 17. e4 dxc4 18. bxc4 Qc7 19. cxb5 cxb5 20. Qd3 Nc5 21. Qe3 Qa5 22. Rac1 {0-1 (36) Kobo,O (2298)-Akesson,R (2447) Caleta 2014}) 16. bxc4 c5 (16... Nxe5 $11 17. dxe5 Nd7) 17. Qb3 cxd4 18. Qxb7 {[%cal Rc3d5]} Nc5 19. Qb2 $1 dxc3 20. Qxc3 Ncd7 21. Rac1 Nxe5 22. Bxe5 Qb6 23. Qb3 dxc4 24. Rxc4 Qxb3 25. axb3 Rxc4 26. bxc4 Rc8 27. Ra1 Bc5 28. e3 Bb6 29. Bf1 Nd7 30. Bd4 Nc5 31. Ra2 f6 32. Bc3 Kf7 33. Be2 Ke7 34. h4 Rc7 35. Kg2 Rd7 36. g4 e5 37. Bb4 Ke6 38. Bf3 e4 39. Be2 g6 40. Bc3 Nd3 41. Ra6 Rd6 42. Kf1 Nc1 43. Bb4 (43. c5 $142 Bxc5 44. Bc4+ Ke7 45. Rxd6 Bxd6 46. Bg8) 43... Bc5 $1 $11 {[%cal Rc5b4]} 44. Ra1 $1 Nb3 45. Ra4 Bxb4 46. Rxb4 {[%mdl 4096] Endgame KRB-KRN} Rb6 47. Ra4 $1 a6 {The position is equal.} 48. f3 exf3 49. Bxf3 Nc5 50. Ra5 Kd6 51. Ra2 Kc7 52. Bd5 Rb1+ 53. Kg2 Kd6 54. g5 fxg5 55. hxg5 Ke5 56. Ra5 Rb2+ 57. Kf3 Kd6 58. e4 Rb3+ 59. Ke2 {[#] e5+! is the strong threat.} Rb2+ 60. Kf3 Rb3+ 61. Ke2 Rb2+ 62. Ke3 {And now e5+! would win.} Rb3+ 63. Kd2 {[#] Threatens to win with e5+!} Rb2+ 64. Ke3 Rb3+ 65. Kd2 {Strongly threatening e5+!} Rb2+ 66. Ke3 {Hoping for e5+!} Rb3+ {Precision: White = 47%, Black = 61%.} 1/2-1/2

[Event "American Continental-ch 2018"]
[Site "Montevideo"]
[Date "2018.06.05"]
[Round "6"]
[White "Kapitanchuk, Tomas"]
[Black "Lopez Falcon, Jorge"]
[Result "1-0"]
[WhiteElo "2253"]
[BlackElo "2120"]
[Annotator "TA"]
[PlyCount "71"]
[EventDate "2018.??.??"]
[EventType "swiss"]
[EventCountry "URU"]
[SourceTitle "playchess.com"]
[Source "ChessBase"]
[SourceQuality "1"]

{[%evp 12,71,22,26,29,22,47,44,71,-12,-4,-16,30,0,22,-30,-28,-41,0,-14,-4,0,0,0,47,43,46,62,46,51,200,98,121,75,95,44,134,114,103,87,112,54,38,-149,89,99,118,130,199,140,135,65,60,36,87,81,108,133,136,114,484,471]} 1. e4 c5 2. Nf3 d6 3. Bb5+ Nd7 4. O-O a6 5. Bd3 g6 (5... Ngf6 6. Re1 b5 7. c3 Bb7 8. Bc2 c4 9. a4 e6 10. axb5 axb5 11. Rxa8 Qxa8 12. Na3 Bxe4 13. Bxe4 Nxe4 {½-½ (35) Mamedov,R (2704)-Karjakin,S (2778) Shamkir 2018}) 6. Re1 {B51: Sicilian: Moscow Variation (3 Bb5+) without 3...Bd7} Bg7 7. c3 {LiveBook: 7 Games} e5 8. Bf1 $146 {White has an edge.} ({Predecessor:} 8. a4 Ne7 9. Bc4 O-O 10. d3 h6 11. Nbd2 Kh7 12. b4 b6 13. bxc5 bxc5 14. Rb1 Qc7 15. Nf1 f5 16. Ne3 Nf6 17. Qb3 Bd7 18. exf5 {½-½ (18) Suran,J (2355)-Trichkov,V (2339) Czechia 2014}) 8... Ne7 9. d4 O-O 10. a4 (10. dxe5 $16 Nxe5 11. Nxe5 Bxe5 12. Bg5) 10... exd4 $11 11. cxd4 Nc6 {[%cal Rc5d4]} 12. Be3 (12. Bg5 $5 {[%cal Rg5d8]} Qb6 13. d5 $11) 12... Qb6 {[%cal Rc5d4]} 13. Nbd2 (13. d5 $142 Nce5 14. Nbd2) 13... cxd4 14. Nc4 Qc5 (14... Qa7 $5 {[%cal Rd4e3]} 15. Bf4 Nde5 $17) 15. b4 {[%cal Bb2b4,Bb4b5][%mdl 32]} Qa7 $1 16. Bf4 Nde5 17. Nxd6 Be6 18. b5 Nxf3+ 19. Qxf3 Ne5 20. Qg3 Nd7 (20... f6 $14) 21. Rac1 (21. a5 $1 $18) 21... axb5 $16 22. Bxb5 Nc5 23. Be5 (23. Nf5 $16) 23... b6 ({Black should try} 23... Bxe5 $1 $14 24. Qxe5 Nxa4) 24. Bxg7 Kxg7 25. Rcd1 d3 26. f4 ({Better is} 26. Bxd3 $16 Nxd3 27. Qxd3 (27. Rxd3 Qxa4 28. e5 b5 $16)) 26... Bb3 $14 27. Rc1 $2 (27. Rd2 $1 $14 {stays ahead.}) 27... Bxa4 $2 (27... Qb8 $17 28. Nc4 (28. f5 $2 Rd8 $19) 28... Bxa4 29. Bxa4 Rxa4) 28. Bxd3 $16 Nxd3 29. Qxd3 Bd7 (29... b5+ $16 30. Kh1 Kh8) 30. Qc3+ (30. f5 $18) 30... Kg8 31. Ra1 ({White should play} 31. f5 $16) 31... Qb8 $14 32. Rad1 b5 33. f5 $1 $40 {[%cal Bf4f5,Bf5f6][%mdl 160] Black is in trouble.} b4 {[#]} 34. Qd2 $1 {Strongly threatening f6.} Qd8 35. Rf1 {aiming for f6.} Ba4 $2 {[%mdl 8192] [#]} (35... Qf6 $16) 36. f6 $1 {Precision: White = 37%, Black = 35%.} 1-0

[Event "American Continental-ch 2018"]
[Site "Montevideo"]
[Date "2018.06.05"]
[Round "6"]
[White "Carbone, Diego"]
[Black "Fernandez Cardoso, Alexey"]
[Result "1/2-1/2"]
[WhiteElo "2242"]
[BlackElo "2429"]
[Annotator "TA"]
[PlyCount "94"]
[EventDate "2018.??.??"]
[EventType "swiss"]
[EventCountry "URU"]
[SourceTitle "playchess.com"]
[Source "ChessBase"]
[SourceQuality "1"]

{[%evp 27,94,31,106,89,78,86,95,88,91,91,89,84,100,101,131,77,152,147,136,149,146,152,138,136,139,138,136,138,137,147,137,129,126,116,122,112,245,222,233,207,197,188,172,0,0,0,0,0,0,0,0,0,0,0,0,0,0,0,0,0,0,0,0,0,0,0,0,0,791]} 1. d4 g6 2. Nf3 Bg7 3. c4 d6 4. g3 Nd7 5. Bg2 e5 6. Nc3 Ne7 {[%cal Bg8e7,Be7c6,Bc6e5,Be5d7,Bd7c5][%mdl 32]} 7. O-O O-O 8. e4 exd4 9. Nxd4 Nc6 10. Nde2 Re8 11. h3 a5 12. Be3 Nce5 13. b3 Nf6 14. Nd4 c6 (14... a4 $14) 15. Qc2 $16 {E69: King's Indian: Fianchetto: 6...Nbd7 7 0-0 e5 8 e4 c6 9 h3} Ned7 16. Rad1 Qc7 17. Rfe1 {White is better.} Bf8 $146 ({Predecessor:} 17... Nc5 18. Kh2 Bd7 19. Rd2 Rad8 20. Red1 Bc8 21. Nde2 h6 22. a3 Bf8 23. Bd4 {1-0 (44) Milenkovic,M (2169)-Madic,Z (2155) Jagodina 2011}) 18. f4 Nc5 19. Bf2 Bd7 20. Nf3 Rad8 21. Kh2 (21. g4 $142) 21... h5 ({Better is} 21... Bc8) 22. Nh4 Bc8 23. Bxc5 dxc5 24. e5 Nh7 25. Nxg6 fxg6 26. Qxg6+ Qg7 27. Qxh5 Be7 28. Be4 {[%cal Bg2e4,Be4c2,Bc2g6,Bg6e8][%mdl 32]} Nf8 29. Bc2 Ne6 30. Bg6 Rxd1 31. Rxd1 Rd8 (31... Rf8 $16) 32. Rxd8+ $18 Bxd8 33. Ne4 Nf8 34. Be8 {And now Nd6 would win.} Be7 35. f5 $2 (35. a3 $18) 35... Qxe5 $11 {The position is equal.} 36. Qf7+ Kh8 37. Qh5+ Kg8 ({Reject} 37... Nh7 $6 38. Bg6 $16) (37... Nh7 $5 38. Bg6 $8 Qb2+ 39. Kg1 Qd4+ 40. Nf2 Qg7 $16) 38. Qf7+ Kh8 39. f6 {[%csl Gf6][%cal Rf7g7] [#]} Qb2+ 40. Kg1 {[%csl Gf6][%cal Rf7g7]} Qd4+ 41. Kh2 {[%csl Gf6][%cal Rf7g7]} Qb2+ 42. Kg1 {[%csl Gf6][%cal Rf7g7]} Qb1+ 43. Kh2 {[%csl Gf6][%cal Rf7g7] [#]} Qxa2+ 44. Kg1 {[%csl Gf6][%cal Rf7g7]} Qb1+ 45. Kh2 {[%csl Gf6][%cal Rf7g7]} Qc2+ 46. Kg1 {[%csl Gf6][%cal Rf7g7]} Qd1+ 47. Kg2 {[%csl Gf6][%cal Rf7g7]} Qc2+ $2 {[%mdl 40960] Precision: White = 78%, Black = 63%. . An unexpected result.} (47... Bxh3+ $11 48. Kh2 Qe2+ 49. Kxh3 Qf1+ 50. Kg4 Qd1+ 51. Kg5 Qc1+ 52. Kg4 Qd1+ 53. Kf5 Qf1+ 54. Ke5 Qa1+ 55. Kf4 Qc1+ 56. Kf3 Qh1+ 57. Kf2 Qh2+ 58. Ke3 Qh6+ 59. Kd3 Bd8 60. Qxb7 Bxf6 61. Qxc6 Nh7) 1/2-1/2

[Event "American Continental-ch 2018"]
[Site "Montevideo"]
[Date "2018.06.05"]
[Round "6"]
[White "Cabrera Pando, Ramiro"]
[Black "De Dovitiis, Alejo"]
[Result "0-1"]
[WhiteElo "2196"]
[BlackElo "2343"]
[Annotator "TA"]
[PlyCount "94"]
[EventDate "2018.??.??"]
[EventType "swiss"]
[EventCountry "URU"]
[SourceTitle "playchess.com"]
[Source "ChessBase"]
[SourceQuality "1"]

{[%evp 15,94,8,6,-13,-19,-33,8,8,12,23,38,17,17,23,44,40,60,34,68,68,98,93,118,94,101,92,205,122,92,118,169,180,482,470,335,247,196,76,98,92,111,100,222,226,210,0,0,0,0,0,0,0,0,0,0,0,0,0,0,0,0,0,0,0,0,0,0,0,0,0,0,0,0,-1260,-990,-12849,-12849,-12850,-12850,-29978,-29979]} 1. d4 Nf6 2. c4 e6 3. Nc3 d5 4. cxd5 Nxd5 5. e4 Nxc3 6. bxc3 c5 7. Rb1 Be7 {D35: Queen's Gambit Declined: Exchange Variation} 8. Nf3 O-O {LiveBook: 35 Games} 9. h4 {[%cal Bh2h4,Bh4h5,Bh5h6][%mdl 32]} cxd4 {The position is equal.} 10. cxd4 Nc6 11. h5 Bb4+ $146 ({Predecessor:} 11... f5 12. exf5 Qa5+ 13. Bd2 Qxf5 14. Bc3 h6 15. Bd3 {1-0 (41) Karjakin,S (2763)-Kramnik,V (2800) Berlin 2018}) 12. Bd2 a5 13. Bxb4 axb4 14. h6 $36 {[%mdl 2048] Threatens to win with hxg7. White is pushing.} g6 15. Qd2 Ra3 16. Bb5 Rxf3 17. Bxc6 $1 (17. gxf3 Nxd4 18. Be2 Qf6 $11) 17... Ra3 18. Bb5 (18. Qxb4 Rd3 $17) 18... f5 19. Qxb4 Rxa2 20. Bc4 Rc2 (20... Ra7 $16) 21. Bb3 (21. O-O $1 $18) 21... Rc7 $16 22. d5 Qf6 (22... fxe4 $16 {was worth a try.} 23. Qxe4 (23. dxe6 Qe7 $11) 23... Qf6) 23. O-O $18 f4 $2 {[#]} (23... fxe4 {is more resistant.} 24. Qb6 (24. Qxe4 exd5 25. Bxd5+ Kh8 $16) 24... Re7) 24. e5 $1 {[%mdl 512]} Qg5 (24... Qxe5 25. dxe6) 25. dxe6 Re7 26. Qd6 (26. Rfd1 $1 $18 {[%cal Rd1d7] Rd7 is the strong threat.} f3 27. g3 Qxh6 28. Qg4 (28. Qxe7 {gets mated.} Qh3 29. Qf7+ Rxf7 30. exf7+ Kg7 31. f8=Q+ Kxf8 32. Rd8+ Kg7 33. Rg8+ Kh6 34. Rxg6+ hxg6 35. Bg8 Qg2#)) 26... f3 {[%csl Gf3][%cal Rg5g2]} 27. g3 Qxh6 {( -> ...Qh3!)} 28. Bd5 $1 (28. Qxe7 {leads to mate.} Qh3 29. Qxf8+ Kxf8 30. e7+ Kxe7 31. Bg8 Qg2#) 28... Qg5 (28... Rfe8 $16 {was necessary.}) 29. Rfc1 $1 {And now Ra1 would win.} Rfe8 {[%cal Rc8e6]} 30. Rxc8 $2 ({Don't take} 30. Bxf3 $6 Bxe6 31. Rc7 Rxc7 $16) ({White should play} 30. Rc7 $18) 30... Rxc8 $11 31. Bxf3 Rc1+ 32. Rxc1 Qxc1+ {[%mdl 4096] Endgame KQR-KQB} 33. Kg2 {Qd8+ would kill now.} Qc7 34. Bd5 {White threatens Qxc7 and mate.} Kf8 35. Kh3 b5 36. f4 h6 37. Qb4 Qb6 38. Qd6 Qc7 39. Qa3 Qb8 40. Qb4 Qb6 41. Qe4 Rxe6 42. Bxe6 Qxe6+ {KQ-KQ} 43. g4 {Hoping for Qb4+.} h5 44. f5 $2 {[%mdl 8192]} (44. Qa8+ $11 Kg7 45. Kh2) 44... hxg4+ $19 45. Kxg4 {[#]} Qc4 $1 {[%cal Rc4e4]} 46. Kf3 {[#]} Qxe4+ $1 47. Kxe4 g5 {Precision: White = 52%, Black = 58%.} 0-1